000 00628nam a22002057a 4500
003 OSt
005 20240816132704.0
008 160831t xxu||||| |||| 00| 0 eng d
020 _a9781483344751
040 _aMMSU
_cULS
050 _aP 90 H36 2016 CIRC
100 _aHanson, Ralph E.,
_eauthor.
_935742
245 _aMass communication :
_bliving in a media world /
_cRalph E. Hanson.
250 _a5th edition.
260 _aLos Angeles :
_bSAGE,
_cc2016.
300 _axvi, 458 pages :
_billustrations ;
_c28 cm.
504 _aIncludes bibliographical references and index.
650 _aMass media.
_935743
942 _2lcc
_cBK
999 _c8065
_d8065